000 00641nam a2200181 a 4500
001 000017184
005 20250124114731.0
008 100319s2003 dr a 000 0 spa d
040 _aDO-SdBNP
_bspa
_cBNPHU
082 _axxx
_bM483
100 1 _aMoreno Ceballos, Nelson,
_d1946-
_933018
245 1 0 _aMétodo integral para modificar actitudes y mantener la disciplina en el aula :
_bNelson Moreno - Ceballos.
260 _aSanto Domingo :
_bPlan - Indesui,
_c2003.
300 _a115 p. :
_bil. ;
_c18 cm.
500 _aIncluye datos biográficos del autor en la páginas 115
504 _aIncluye bibliografías [p. 112-114]
049 _aBNPD
999 _c16710
_d16710